Účinnosť niektorých nástrojov fiškálnej politiky na hospodársky vývoj SR so zameraním na daň z príjmov fyzických osôb

Charakteristika daní. Systém zdaňovania príjmov fyzických osôb. Daňové zaťaženie. Zníženie základu dane. Odpočet straty. Úľava na paušálnej dani. Iné faktory ovplyvňujúce daňové zaťaženie.

Salvato in:
Dettagli Bibliografici
Autore principale: Košťálová, Antónia
Natura: Capitolo di libro
Lingua:slovacco
Soggetti:
Tags: Aggiungi Tag
Nessun Tag, puoi essere il primo ad aggiungerne!!

MARC

LEADER 00000naa$a2200000$$$4500
001 0006213
005 20221128120939.0
041 0 |a slo 
044 |a SK 
245 1 0 |a Účinnosť niektorých nástrojov fiškálnej politiky na hospodársky vývoj SR so zameraním na daň z príjmov fyzických osôb  |c aut. Antónia Košťálová 
520 |a Charakteristika daní. Systém zdaňovania príjmov fyzických osôb. Daňové zaťaženie. Zníženie základu dane. Odpočet straty. Úľava na paušálnej dani. Iné faktory ovplyvňujúce daňové zaťaženie. 
610 2 0 |a dane 
610 2 0 |a dane z príjmov 
610 2 0 |a osoby fyzické 
610 2 0 |a zaťaženie daňové 
610 2 0 |a základ dane 
610 2 0 |a strata daňová 
610 2 0 |a odpočet straty 
610 2 0 |a úľavy daňové 
100 1 |a Košťálová, Antónia